[Event "Winnipeg TNT Febr op"]
[Site "Winnipeg"]
[Date "2005.02.15"]
[Round "3"]
[White "Wasney, Mark"]
[Black "Van Wyk, Joseph"]
[Result "0-1"]
[WhiteElo "1680"]
[BlackElo "1888"]
[PlyCount "120"]
[EventDate "2005.02.01"]
[EventType "swiss"]
[EventRounds "4"]
[EventCountry "CAN"]
[SourceTitle "EXT 2006"]
[Source "ChessBase"]
[SourceDate "2005.11.24"]
[SourceVersion "1"]
[SourceVersionDate "2005.11.24"]
[SourceQuality "1"]

1. d4 d5 2. c4 e6 3. Nc3 c5 4. Nf3 Nc6 5. e3 Nf6 6. Bd3 Be7 7. 0-0 0-0 8. a3 b6 9. b3 dxc4 10. Bxc4 cxd4 11. exd4 Bb7 12. Bb2 Na5 13. Be2 Rc8 14. Ne5 Ne4 15. Nxe4 Bxe4 16. Bd3 Bxd3 17. Qxd3 Qd5 18. b4 Nc4 19. Nxc4 Rxc4 20. Rac1 Rfc8 21. Rxc4 Rxc4 22. Rd1 Bf6 23. h3 g6 24. Qd2 Qe4 25. Re1 Qc2 26. Re2 Qxd2 27. Rxd2 Bg5 28. Re2 Bc1 29. Bxc1 Rxc1+ 30. Kh2 Rd1 31. Rc2 Rxd4 32. Rc7 a5 33. b5 Ra4 34. Rc6 Rxa3 35. Rxb6 Rb3 36. Rb8+ Kg7 37. b6 a4 38. b7 Kf6 39. Ra8 Rxb7 40. Rxa4 Rb2 41. Kg3 Rb3+ 42. Kh2 Rd3 43. Kg1 Rd1+ 44. Kh2 h5 45. Ra3 e5 46. Kg3 Ke6 47. Ra6+ Rd6 48. Ra7 f5 49. Kh4 Kf6 50. Ra3 e4 51. Ra8 f4 52. Ra4 Ke5 53. Kg5 e3 54. fxe3 fxe3 55. Ra1 Ke4 56. Re1 Re6 57. g4 hxg4 58. Kxg4 Kd3 59. Ra1 e2 60. Ra3+ Kc2 0-1

[Event "Winnipeg Kent Oliver Memorial"]
[Site "Winnipeg"]
[Date "2004.01.17"]
[Round "3"]
[White "Wasney, Mark"]
[Black "Nair, Krishnan"]
[Result "1-0"]
[WhiteElo "1709"]
[BlackElo "1245"]
[PlyCount "45"]
[EventDate "2004.01.16"]
[EventType "swiss"]
[EventRounds "5"]
[EventCountry "CAN"]
[SourceTitle "EXT 2005"]
[Source "ChessBase"]
[SourceDate "2004.11.15"]
[SourceVersion "1"]
[SourceVersionDate "2004.11.15"]
[SourceQuality "1"]

1. d4 d5 2. c4 e6 3. Nc3 b6 4. e3 Nf6 5. Bd3 Be7 6. Nf3 Bb7 7. 0-0 Ne4 8. Qc2 f5 9. Ne5 c5 10. f3 Nxc3 11. Qxc3 dxc4 12. Bxc4 Qd6 13. Qb3 Bc8 14. e4 Rf8 15. Bf4 Qd8 16. Bxe6 Bxe6 17. Qxe6 fxe4 18. fxe4 cxd4 19. Rad1 Rf6 20. Qg8+ Bf8 21. Bg5 Rxf1+ 22. Rxf1 Qxg5 23. Qxf8# 1-0

[Event "Winnipeg TNT July op"]
[Site "Winnipeg"]
[Date "2003.07.22"]
[Round "3"]
[White "Wasney, Mark"]
[Black "Nikouline, Alexandre"]
[Result "0-1"]
[WhiteElo "1701"]
[BlackElo "1993"]
[PlyCount "122"]
[EventDate "2003.07.08"]
[EventType "swiss"]
[EventRounds "4"]
[EventCountry "CAN"]
[SourceTitle "EXT 2006"]
[Source "ChessBase"]
[SourceDate "2005.11.24"]
[SourceVersion "1"]
[SourceVersionDate "2005.11.24"]
[SourceQuality "1"]

1. d4 Nf6 2. c4 g6 3. Nc3 d5 4. Nf3 Bg7 5. e3 0-0 6. Bd3 c6 7. h3 b6 8. 0-0 Bb7 9. b3 Qc7 10. Bb2 Nbd7 11. Qc2 dxc4 12. bxc4 c5 13. d5 e6 14. e4 Nh5 15. Nb5 Qd8 16. d6 e5 17. Rad1 Nf4 18. Rfe1 Ne6 19. Nh2 a6 20. Na3 Nd4 21. Bxd4 cxd4 22. Qd2 Nc5 23. Rb1 Qxd6 24. Nc2 a5 25. Na3 Bxe4 26. Bxe4 Nxe4 27. Rxe4 Qxa3 28. Rxb6 Rab8 29. Rb5 Rxb5 30. cxb5 Rb8 31. Nf3 Rxb5 32. Qg5 f6 33. Qd2 Qb2 34. Re2 Qxd2 35. Rxd2 Rb1+ 36. Kh2 Bh6 37. Rc2 d3 38. Rc8+ Kf7 39. Ra8 e4 40. Ra7+ Ke6 41. Ra6+ Kd7 42. Rxa5 exf3 43. Rd5+ Ke6 44. Rxd3 fxg2 45. Kxg2 Ra1 46. Ra3 Bf4 47. Kf3 Kf5 48. Ra5+ Be5 49. Ke3 Rh1 50. Ra7 Rxh3+ 51. Ke2 h5 52. Kf1 h4 53. Kg2 Rh2+ 54. Kg1 Rxf2 55. a4 Bd4 56. Ra5+ Ke4 57. Rb5 Rf5+ 58. Kg2 Rxb5 59. axb5 f5 60. Kh3 g5 61. Kg2 g4 0-1

[Event "Winnipeg TNT March op"]
[Site "Winnipeg"]
[Date "2003.03.25"]
[Round "4"]
[White "Khedkar, Jay S"]
[Black "Wasney, Mark"]
[Result "1/2-1/2"]
[WhiteElo "1938"]
[BlackElo "1674"]
[PlyCount "105"]
[EventDate "2003.03.04"]
[EventType "swiss"]
[EventRounds "4"]
[EventCountry "CAN"]
[SourceTitle "EXT 2004"]
[Source "ChessBase"]
[SourceDate "2003.11.25"]
[SourceVersion "1"]
[SourceVersionDate "2003.11.25"]
[SourceQuality "1"]

1. e4 c5 2. Nf3 d6 3. d4 cxd4 4. Nxd4 Nf6 5. Nc3 a6 6. Bg5 e6 7. f4 Qb6 8. Qd2 Qxb2 9. Nb3 Qa3 10. Bxf6 gxf6 11. Bd3 Nd7 12. Nb1 Qa4 13. c4 Qc6 14. Nc3 Nc5 15. Nd4 Nxd3+ 16. Qxd3 Qc5 17. Rd1 Bd7 18. Nb3 Qc7 19. 0-0 Rc8 20. Nd2 b5 21. cxb5 Qxc3 22. Qxc3 Rxc3 23. b6 Rc8 24. Rb1 Bb5 25. Rfc1 Rb8 26. a4 Bxa4 27. Rc7 Bb5 28. b7 Kd8 29. Rbc1 Bd7 30. Nb3 Bh6 31. g3 Rg8 32. Kf2 e5 33. Kf3 exf4 34. gxf4 Rg4 35. Rxd7+ Kxd7 36. Kxg4 Rxb7 37. Rc3 Bg7 38. Rd3 Rb5 39. Nd4 Rb6 40. Nf5 Bf8 41. Ne3 Rc6 42. Kf5 Rc5+ 43. Kxf6 Bh6 44. Nd5 Ke8 45. Rb3 Kd7 46. Kxf7 Rb5 47. Rh3 Bxf4 48. Nxf4 Re5 49. Nd5 Kc6 50. Nf6 a5 51. Rxh7 a4 52. Rh8 Ra5 53. Nd5 1/2-1/2

[Event "Winnipeg TNT March op"]
[Site "Winnipeg"]
[Date "2003.03.18"]
[Round "3"]
[White "Wasney, Mark"]
[Black "Anderson, George"]
[Result "1-0"]
[WhiteElo "1674"]
[BlackElo "1535"]
[PlyCount "85"]
[EventDate "2003.03.04"]
[EventType "swiss"]
[EventRounds "4"]
[EventCountry "CAN"]
[SourceTitle "EXT 2004"]
[Source "ChessBase"]
[SourceDate "2003.11.25"]
[SourceVersion "1"]
[SourceVersionDate "2003.11.25"]
[SourceQuality "1"]

1. d4 b5 2. e4 Bb7 3. f3 b4 4. Bd3 e6 5. Ne2 c5 6. Be3 Qc7 7. c3 c4 8. Bc2 a5 9. 0-0 Nc6 10. Bf4 Bd6 11. e5 Be7 12. Bg3 g5 13. Nd2 Nd8 14. Ne4 h5 15. f4 h4 16. Bf2 g4 17. Qd2 f5 18. exf6 Nxf6 19. Nxf6+ Bxf6 20. Bg6+ Nf7 21. f5 Qc6 22. d5 Qxd5 23. Qxd5 Bxd5 24. fxe6 dxe6 25. Bc5 Bf3 26. Bxf7+ Kxf7 27. gxf3 g3 28. hxg3 hxg3 29. Nxg3 Rag8 30. Bf2 Rh3 31. Kg2 Rgh8 32. Rh1 Rxh1 33. Nxh1 bxc3 34. bxc3 Bxc3 35. Rc1 Bb4 36. Rxc4 Rg8+ 37. Ng3 Rd8 38. Ne4 Rd1 39. Ng5+ Ke7 40. Rc2 Rd2 41. Rxd2 Bxd2 42. Bc5+ Kf6 43. Ne4+ 1-0

[Event "Winnipeg TNT Febr op"]
[Site "Winnipeg"]
[Date "2003.02.25"]
[Round "4"]
[White "Schulz, Waldemar"]
[Black "Wasney, Mark"]
[Result "1-0"]
[WhiteElo "2060"]
[BlackElo "1674"]
[PlyCount "71"]
[EventDate "2003.02.25"]
[EventType "team"]
[EventRounds "4"]
[EventCountry "CAN"]
[SourceTitle "EXT 2004"]
[Source "ChessBase"]
[SourceDate "2003.11.25"]
[SourceVersion "1"]
[SourceVersionDate "2003.11.25"]
[SourceQuality "1"]

1. d4 d5 2. c4 Nc6 3. Nf3 dxc4 4. Nc3 Bg4 5. e3 e5 6. d5 Bxf3 7. Qxf3 Na5 8. Qe4 Bd6 9. Bxc4 f5 10. Qd3 Ne7 11. Bb5+ c6 12. dxc6 bxc6 13. Ba4 0-0 14. 0-0 Qc7 15. e4 f4 16. Rd1 Rfd8 17. Rb1 Rab8 18. Qe2 Bb4 19. Bd2 Rd4 20. Bc2 Nc4 21. Bb3 f3 22. Bxc4+ Kh8 23. gxf3 Qd6 24. Be3 Qg6+ 25. Kh1 Rdd8 26. Rxd8+ Rxd8 27. Rg1 Qh5 28. f4 Qe8 29. Qg4 Qf8 30. f5 Rd6 31. a3 Ba5 32. Na4 Bb6 33. Nc5 Bxc5 34. Bxc5 Rd2 35. Qg5 Rd7 36. f6 1-0

[Event "Winnipeg TNT April op"]
[Site "Winnipeg"]
[Date "2002.04.09"]
[Round "1"]
[White "Wasney, Mark"]
[Black "Anderson, Collin"]
[Result "1-0"]
[WhiteElo "1653"]
[BlackElo "1522"]
[PlyCount "67"]
[EventDate "2002.04.09"]
[EventType "swiss"]
[EventRounds "4"]
[EventCountry "CAN"]
[SourceTitle "EXT 2022"]
[Source "ChessBase"]
[SourceDate "2021.10.06"]
[SourceVersion "1"]
[SourceVersionDate "2021.10.06"]
[SourceQuality "1"]

1. Nf3 c5 2. e4 d6 3. d4 cxd4 4. Nxd4 Nf6 5. Nc3 e6 6. Be2 a6 7. 0-0 Be7 8. Kh1 0-0 9. Be3 Qc7 10. f4 Nc6 11. Bf3 Re8 12. g4 Rb8 13. g5 Nd7 14. Qd2 Nxd4 15. Bxd4 b5 16. f5 b4 17. fxe6 fxe6 18. Ne2 Bb7 19. Ng3 Nc5 20. Rae1 Rf8 21. Bg2 d5 22. exd5 exd5 23. Nf5 Ne4 24. Qe3 Bxg5 25. Qe2 Rbe8 26. Qh5 g6 27. Nh6+ Bxh6 28. Qxh6 Rf7 29. Rc1 Ref8 30. Rg1 Qe5 31. Bb6 d4 32. Rge1 Rf1+ 33. Rxf1 Rxf1+ 34. Rxf1 1-0

[Event "Winnipeg Spring op"]
[Site "Winnipeg"]
[Date "2002.03.22"]
[Round "1.1"]
[White "Kaptsan, Aron"]
[Black "Wasney, Mark"]
[Result "1-0"]
[WhiteElo "2134"]
[BlackElo "1716"]
[PlyCount "89"]
[EventDate "2002.03.22"]
[EventType "swiss"]
[EventRounds "5"]
[EventCountry "CAN"]
[SourceTitle "EXT 2022"]
[Source "ChessBase"]
[SourceDate "2021.10.06"]
[SourceVersion "1"]
[SourceVersionDate "2021.10.06"]
[SourceQuality "1"]

1. d4 Nf6 2. c4 e6 3. Nc3 c5 4. d5 exd5 5. cxd5 d6 6. g3 g6 7. Bg2 Bg7 8. Nf3 0-0 9. 0-0 a6 10. a4 Re8 11. Nd2 Qc7 12. Re1 Nbd7 13. h3 Rb8 14. a5 b5 15. axb6 Nxb6 16. e4 Nfd7 17. f4 c4 18. Kh2 Nc5 19. Nf3 Nd3 20. Re2 Bb7 21. Ne1 Nc5 22. Be3 Nb3 23. Rb1 Re7 24. Nf3 Rbe8 25. e5 Qd8 26. Ne4 Nc8 27. Ned2 Nxd2 28. Rxd2 dxe5 29. fxe5 Bxe5 30. Nxe5 Rxe5 31. Bf4 Re1 32. Qxe1 Rxe1 33. Rxe1 Nd6 34. Rc1 h5 35. Bxd6 Qxd6 36. Rxc4 g5 37. h4 g4 38. Rf2 Kg7 39. Rcf4 Qe7 40. d6 Qd7 41. Rxf7+ Qxf7 42. Rxf7+ Kxf7 43. Bxb7 Ke6 44. Bxa6 Kxd6 45. Bd3 1-0

[Event "Winnipeg TNT January op"]
[Site "Winnipeg"]
[Date "2002.01.29"]
[Round "4"]
[White "Wasney, Mark"]
[Black "Schulz, Waldemar"]
[Result "0-1"]
[WhiteElo "1611"]
[BlackElo "2034"]
[PlyCount "82"]
[EventDate "2002.01.08"]
[EventType "swiss"]
[EventRounds "4"]
[EventCountry "CAN"]
[SourceTitle "EXT 2022"]
[Source "ChessBase"]
[SourceDate "2021.10.06"]
[SourceVersion "1"]
[SourceVersionDate "2021.10.06"]
[SourceQuality "1"]

1. e4 c5 2. Nf3 e6 3. d4 cxd4 4. Nxd4 Nf6 5. Nc3 d6 6. g4 Nc6 7. g5 Nd7 8. Be3 a6 9. Qd2 Be7 10. h4 Qc7 11. 0-0-0 Nxd4 12. Bxd4 Ne5 13. Qe2 0-0 14. f4 Nc6 15. Be3 Re8 16. Qf2 b5 17. Bg2 Rb8 18. h5 Bf8 19. g6 Qe7 20. gxh7+ Kh8 21. Bf3 Bb7 22. Ne2 Rbc8 23. Nd4 Nxd4 24. Bxd4 e5 25. fxe5 dxe5 26. Be3 Qe6 27. Kb1 Rc4 28. Rd2 Bxe4 29. Bxe4 Rxe4 30. Rhd1 Rc4 31. Rd8 Rc8 32. R8d7 Be7 33. Bb6 Rc6 34. Rb7 Rd6 35. Rf1 Qd5 36. Qe2 Qxb7 37. Bc5 Rf6 38. Bf2 Qd5 39. Rg1 Rxf2 40. Qg4 Bf6 41. Qg3 Qf3 0-1

[Event "Winnipeg Oliver Memorial"]
[Site "Winnipeg"]
[Date "2002.01.13"]
[Round "5.4"]
[White "Haapamaki, Eric"]
[Black "Wasney, Mark"]
[Result "1-0"]
[WhiteElo "1780"]
[BlackElo "1611"]
[PlyCount "65"]
[EventDate "2002.01.11"]
[EventType "swiss"]
[EventRounds "5"]
[EventCountry "CAN"]
[SourceTitle "EXT 2022"]
[Source "ChessBase"]
[SourceDate "2021.10.06"]
[SourceVersion "1"]
[SourceVersionDate "2021.10.06"]
[SourceQuality "1"]

1. e4 c5 2. Nf3 e6 3. d4 Qc7 4. Be2 cxd4 5. Nxd4 Nf6 6. Nc3 Bb4 7. 0-0 a6 8. Bf3 Bxc3 9. bxc3 0-0 10. Ba3 Rd8 11. Be7 Re8 12. Bxf6 gxf6 13. Qd2 Qe5 14. h4 d6 15. Rae1 Nd7 16. Nf5 exf5 17. exf5 Qxe1 18. Rxe1 Rxe1+ 19. Qxe1 Ne5 20. Be4 a5 21. Qd2 Ra6 22. Qh6 Ng4 23. Qh5 Ne5 24. f4 Bd7 25. fxe5 dxe5 26. Bd5 Be8 27. Qg4+ Kf8 28. Bxb7 Rb6 29. Bd5 Rb2 30. Qc4 Rxc2 31. Qc5+ Kg8 32. Qe7 Rc1+ 33. Kh2 1-0

[Event "Winnipeg Oliver Memorial"]
[Site "Winnipeg"]
[Date "2002.01.13"]
[Round "4.3"]
[White "Katona, John"]
[Black "Wasney, Mark"]
[Result "1/2-1/2"]
[WhiteElo "1740"]
[BlackElo "1611"]
[PlyCount "70"]
[EventDate "2002.01.11"]
[EventType "swiss"]
[EventRounds "5"]
[EventCountry "CAN"]
[SourceTitle "EXT 2022"]
[Source "ChessBase"]
[SourceDate "2021.10.06"]
[SourceVersion "1"]
[SourceVersionDate "2021.10.06"]
[SourceQuality "1"]

1. e4 c5 2. c3 d5 3. exd5 Qxd5 4. d4 Nc6 5. Nf3 Nf6 6. c4 Qd6 7. d5 Nb4 8. a3 Na6 9. Nc3 Nc7 10. g3 e6 11. Bf4 Qd8 12. Qe2 Bd6 13. Bxd6 Qxd6 14. 0-0-0 0-0 15. Ne4 Nxe4 16. Qxe4 exd5 17. cxd5 Re8 18. Qh4 Bf5 19. Bd3 Bxd3 20. Rxd3 Re2 21. Rhd1 Rae8 22. R1d2 h6 23. Qg4 R8e4 24. Qc8+ Kh7 25. Qxb7 c4 26. Rxe2 Rxe2 27. Rd2 Rxd2 28. Nxd2 Nxd5 29. Qxf7 Qc5 30. Ne4 Qd4 31. Qf5+ Kg8 32. Nd6 c3 33. Qf7+ Kh7 34. Qf5+ Kg8 35. Qf7+ Kh7 1/2-1/2

[Event "Winnipeg TNT January op"]
[Site "Winnipeg"]
[Date "2002.01.08"]
[Round "1"]
[White "Wasney, Mark"]
[Black "Gibbons, Lorne"]
[Result "1-0"]
[WhiteElo "1611"]
[BlackElo "1289"]
[PlyCount "51"]
[EventDate "2002.01.08"]
[EventType "swiss"]
[EventRounds "4"]
[EventCountry "CAN"]
[SourceTitle "EXT 2022"]
[Source "ChessBase"]
[SourceDate "2021.10.06"]
[SourceVersion "1"]
[SourceVersionDate "2021.10.06"]
[SourceQuality "1"]

1. e4 e5 2. Nf3 Nc6 3. Bb5 Nge7 4. 0-0 d6 5. h3 a6 6. Ba4 b5 7. Bb3 h6 8. c3 Bb7 9. d4 exd4 10. cxd4 Na5 11. Bc2 d5 12. Re1 dxe4 13. Bxe4 Bxe4 14. Rxe4 f6 15. Bf4 g5 16. Bh2 Ra7 17. Qe2 c6 18. Nc3 Nc4 19. b3 Nd6 20. Re6 Ndf5 21. Rd1 Rd7 22. Qe4 Kf7 23. Rxf6+ Kxf6 24. Be5+ Kf7 25. Bxh8 c5 26. Ne5+ 1-0